Parks by City - Statistics

General Stats
  • This quiz has been taken 53 times
  • The average score is 6 of 20
Answer Stats
Park Name City % Correct
Hyde London
100%
Central New York
100%
Golden Gate San Francisco
77%
Luxembourg Paris
65%
Villa Doria Rome
44%
Güell Barcelona
42%
Vondelpark Amsterdam
29%
Griffith Los Angeles
25%
Stanley Vancouver
23%
Balboa San Diego
17%
Ibirapuera Sao Paulo
17%
Bosques de Palermo Buenos Aires
13%
Phoenix Dublin
13%
Lumphini Bangkok
8%
Hibiya Tokyo
8%
Bukit Timah Singapore
6%
Monsanto Lisbon
4%
Garden of the Gods Denver
2%
Kings Perth
2%
Yarkon Tel Aviv
2%
No matching quizzes found
Score Distribution
Percent of People with Each Score
Percentile by Number Answered
Your Score History
You have not taken this quiz